01072naa a2200253 a 450000100080000000500110000800800410001910000200006024500860008026000090016650000970017552003430027265000110061565000130062665000130063965000120065265300220066465300110068665300130069765300140071065300090072470000190073377300660075211335012025-10-07 1982 bl uuuu u00u1 u #d1 aSOUZA, S. M. de aCaracterização de sementes de algumas espécies florestais nativas do Nordeste. c1982 aEdição dos Anais do 5 Congresso Nacional sobre Essencias Nativas, Campos do Jordão, 1982. aCom o objetivo de determinar as caracteristicas externas basicas de sementes de dezesseis especies florestais de importancia economica, nativas do Nordeste brasileiro, realizou-se o presente trabalho, em Petrolina-PE de julho de 1978 a agosto de 1982. Os parametros avaliados foram: forma, tamanho, cor, peso de mil sementes e germinacao. aBrazil aForestry aFloresta aSemente aEssencia floresta aForest aNordeste aNortheast aSeed1 aLIMA, P. C. F. tSilvicultura em Sao Paulogv. 16A, n . 2, p. 1156-1167, 1982.